[Event "Madrid ch Sub-18 2010/2011"]
[Site "Madrid ESP"]
[Date "2010.12.30"]
[Round "5.2"]
[White "Martin Duque, Jesus"]
[Black "Nieto De La Cruz, Julio"]
[Result "1-0"]
[WhiteElo "2115"]
[BlackElo "2135"]
[PlyCount "165"]
[EventDate "2010.12.26"]
[EventType "swiss"]
[EventRounds "7"]
[EventCountry "ESP"]
[Source "lmi"]
[SourceDate "2010.12.26"]

1. e4 c5 2. Nf3 d6 3. d4 Nf6 4. Nc3 cxd4 5. Nxd4 Nc6 6. Bg5 Bd7 7. Qd2 Rc8 8.
O-O-O Nxd4 9. Qxd4 Qa5 10. Bd2 e5 11. Qd3 a6 12. a3 Qc5 13. Be3 Qa5 14. Bd2 Qc5
15. f3 Be7 16. g4 Be6 17. Be3 Qa5 18. g5 Nd7 19. Kb1 Nb6 20. Qd2 Na4 21. Nd5
Qxd2 22. Rxd2 Bd8 23. c4 O-O 24. b3 Nc5 25. Kb2 Rb8 26. b4 Nd7 27. f4 f5 28.
gxf6 Bxf6 29. f5 Bf7 30. Rg1 Kh8 31. Bg2 Rbc8 32. Rc1 Bh4 33. Bf3 Rfd8 34. Rcc2
Rc6 35. Be2 Rcc8 36. Nb6 Rc6 37. Nd5 Rcc8 38. Bf1 Be1 39. Rd1 Bh4 40. Bg2 Rc6
41. Bf1 Rcc8 42. Nb6 Rc6 43. Nxd7 Rxd7 44. c5 d5 45. b5 Rc8 46. exd5 axb5 47.
d6 Bh5 48. Bxb5 Bxd1 49. Bxd7 Rd8 50. Rd2 Bg4 51. Be6 Rb8 52. d7 Bd8 53. Bf2 h6
54. Bg3 Bf6 55. Kb3 Rd8 56. Kc4 Bf3 57. Kb5 Bg5 58. Rd6 Be7 59. Rd2 Bg5 60. Rc2
Bc6+ 61. Kb4 Bxd7 62. Bxd7 Rxd7 63. Bxe5 Rd5 64. Re2 Kg8 65. Bd6 Rxf5 66. Re8+
Kh7 67. Rf8 Rxf8 68. Bxf8 Kg8 69. Bd6 Bd8 70. Kb5 Kf7 71. Be5 g5 72. Bc3 g4 73.
a4 Bc7 74. a5 Bxh2 75. Kb6 Bg1 76. Be5 h5 77. Bd6 h4 78. Kxb7 h3 79. c6 h2 80.
Bxh2 Bxh2 81. a6 Bb8 82. Kxb8 g3 83. a7 1-0

[Event "Madrid ch Sub-18 2010/2011"]
[Site "Madrid ESP"]
[Date "2010.12.30"]
[Round "5.3"]
[White "Pablos Tenrero, Raquel"]
[Black "Morona Minguez, Irene"]
[Result "0-1"]
[WhiteElo "1936"]
[BlackElo "1876"]
[PlyCount "66"]
[EventDate "2010.12.26"]
[EventType "swiss"]
[EventRounds "7"]
[EventCountry "ESP"]
[Source "lmi"]
[SourceDate "2010.12.26"]

1. e4 c5 2. Nf3 a6 3. d4 cxd4 4. Nxd4 Nf6 5. Nc3 e5 6. Nb3 Bb4 7. Bg5 d6 8. g3
h6 9. Bxf6 Qxf6 10. Qd3 Be6 11. Bg2 b5 12. Nd2 Nd7 13. O-O Rc8 14. Nd5 Bxd5 15.
exd5 Bxd2 16. Qxd2 Qf5 17. c3 Nb6 18. Qe2 O-O 19. Be4 Qd7 20. g4 g6 21. h3 f5
22. gxf5 gxf5 23. Bc2 Kh7 24. Bb3 Rc5 25. Rad1 a5 26. a3 a4 27. Ba2 Nc4 28. Kh2
Qb7 29. Rg1 Rf6 30. Bxc4 bxc4 31. Qf3 Qf7 32. Rd2 Rg6 33. Qh5 Rg2+ 0-1

[Event "Madrid ch Sub-18 2010/2011"]
[Site "Madrid ESP"]
[Date "2010.12.30"]
[Round "5.4"]
[White "Rios Rebollo, Victor"]
[Black "Collado Barbas, Laura"]
[Result "1-0"]
[WhiteElo "1803"]
[BlackElo "2040"]
[PlyCount "87"]
[EventDate "2010.12.26"]
[EventType "swiss"]
[EventRounds "7"]
[EventCountry "ESP"]
[Source "lmi"]
[SourceDate "2010.12.26"]

1. d4 d5 2. c4 e6 3. e3 c6 4. Nf3 Nd7 5. Nbd2 f5 6. Qc2 Nh6 7. Bd3 Qf6 8. b3
Bd6 9. Bb2 O-O 10. O-O g5 11. g3 Qg6 12. Ne5 Qh5 13. Rfe1 g4 14. Rac1 Bxe5 15.
dxe5 Nf7 16. cxd5 cxd5 17. Qc7 Ng5 18. Rc2 Nh3+ 19. Kg2 Nxf2 20. Kxf2 Qxh2+ 21.
Kf1 Qxg3 22. Bb5 f4 23. exf4 Qh2 24. Re2 Rxf4+ 25. Ke1 Qh1+ 26. Nf1 Rxf1+ 27.
Kd2 Rd1+ 28. Kc3 Qf3+ 29. Kb4 Qf4+ 30. Ka3 a5 31. Bc1 Qb4+ 32. Kb2 Qd4+ 33. Kb1
Nf8 34. Be8 Qf4 35. Kb2 Qd4+ 36. Kb1 Qf4 37. Qe7 g3 38. Rg2 Ng6 39. Rxg3 Qxg3
40. Qf7+ Kh8 41. Qf6+ Kg8 42. Bf7+ Kf8 43. Bxg6+ Kg8 44. Qf7+ 1-0

[Event "Madrid ch Sub-18 2010/2011"]
[Site "Madrid ESP"]
[Date "2011.01.02"]
[Round "6.1"]
[White "Martin Duque, Jesus"]
[Black "Madurga Lopez, Ignacio"]
[Result "1/2-1/2"]
[WhiteElo "2115"]
[BlackElo "1988"]
[PlyCount "42"]
[EventDate "2010.12.26"]
[EventType "swiss"]
[EventRounds "7"]
[EventCountry "ESP"]
[Source "lmi"]
[SourceDate "2010.12.26"]

1. e4 c5 2. Nf3 d6 3. d4 cxd4 4. Nxd4 Nf6 5. Nc3 a6 6. Bg5 e6 7. f4 Nc6 8. e5
h6 9. Bh4 dxe5 10. Nxc6 Qxd1+ 11. Rxd1 bxc6 12. fxe5 Nd7 13. Ne4 Bb7 14. Bg3 c5
15. Nd6+ Bxd6 16. Rxd6 Ke7 17. Kf2 Be4 18. Bd3 Bxd3 19. Rxd3 c4 20. Rd4 Rhc8
21. Rhd1 Nb6 1/2-1/2

[Event "Madrid ch Sub-18 2010/2011"]
[Site "Madrid ESP"]
[Date "2011.01.02"]
[Round "6.2"]
[White "Suarez Uriel, Adrian"]
[Black "Nieto De La Cruz, Julio"]
[Result "1-0"]
[WhiteElo "2215"]
[BlackElo "2135"]
[PlyCount "137"]
[EventDate "2010.12.26"]
[EventType "swiss"]
[EventRounds "7"]
[EventCountry "ESP"]
[Source "lmi"]
[SourceDate "2010.12.26"]

1. e4 c5 2. Nf3 d6 3. d4 Nf6 4. Nc3 cxd4 5. Nxd4 g6 6. Be3 Bg7 7. f3 a6 8. Bc4
Nbd7 9. Qd2 Qc7 10. Bb3 h6 11. O-O-O Ne5 12. Rhe1 Bd7 13. f4 Nc4 14. Bxc4 Qxc4
15. Nb3 Bg4 16. Qd4 Rc8 17. Qxc4 Rxc4 18. Rd4 Rxd4 19. Bxd4 O-O 20. f5 e5 21.
Bg1 d5 22. h3 d4 23. Nb1 Bh5 24. g4 Nxg4 25. hxg4 Bxg4 26. Bh2 gxf5 27. exf5 f6
28. Rf1 h5 29. N1d2 Bh6 30. Kb1 Be3 31. Bg1 Bf4 32. Bf2 Kh7 33. Bh4 Bh3 34.
Rxf4 exf4 35. Nxd4 Re8 36. c3 Kg7 37. Kc2 Kf7 38. Nc4 Ke7 39. Nd2 Rg8 40. Ne4
Rg2+ 41. Kb3 f3 42. Bxf6+ Kf7 43. Bh4 Rg4 44. Nd6+ Kg8 45. Bf2 Rg2 46. Ne4 Kf7
47. Kc4 Bg4 48. Kd3 Rh2 49. Ke3 Kg7 50. Kf4 Rh1 51. f6+ Kf7 52. Nf5 Rd1 53.
Nh6+ Kg6 54. f7 Rd8 55. Bc5 Kxh6 56. f8=Q+ Rxf8+ 57. Bxf8+ Kg6 58. Be7 Be6 59.
a3 Bd5 60. Bh4 Bc6 61. Nd2 Kf7 62. Nxf3 Bb5 63. c4 Ba4 64. Ke5 Bb3 65. c5 Bd1
66. Nd4 Bg4 67. Kd6 Bh3 68. Kc7 Bg2 69. Nb3 1-0

[Event "Madrid ch Sub-18 2010/2011"]
[Site "Madrid ESP"]
[Date "2011.01.02"]
[Round "6.3"]
[White "Morona Minguez, Irene"]
[Black "Rios Rebollo, Victor"]
[Result "1-0"]
[WhiteElo "1876"]
[BlackElo "1803"]
[PlyCount "113"]
[EventDate "2010.12.26"]
[EventType "swiss"]
[EventRounds "7"]
[EventCountry "ESP"]
[Source "lmi"]
[SourceDate "2010.12.26"]

1. e4 e6 2. d4 d5 3. Nc3 Nf6 4. e5 Nfd7 5. f4 c5 6. Nf3 Nc6 7. Be3 cxd4 8. Nxd4
Bc5 9. Qd2 Bxd4 10. Bxd4 Nxd4 11. Qxd4 Qb6 12. Qxb6 Nxb6 13. Nb5 O-O 14. Nd6 f6
15. O-O-O fxe5 16. fxe5 Rb8 17. g3 Bd7 18. Bh3 Na4 19. Rhf1 Nc5 20. b4 Na6 21.
a3 b6 22. Rxf8+ Rxf8 23. c4 Nb8 24. cxd5 exd5 25. e6 Rf6 26. e7 Bc6 27. e8=Q+
Bxe8 28. Nxe8 Rc6+ 29. Kb2 Kf8 30. b5 Rh6 31. Nxg7 Rxh3 32. Ne6+ Ke7 33. Nf4
Rxh2+ 34. Kc3 Nd7 35. Nxd5+ Kf7 36. Nb4 Nc5 37. Re1 Rg2 38. Nc6 Rxg3+ 39. Kc2
Rxa3 40. Re7+ Kg6 41. Nxa7 h5 42. Nc8 Rb3 43. Nd6 Rg3 44. Nc4 Na4 45. Nxb6 Nxb6
46. Re6+ Kf5 47. Rxb6 h4 48. Rh6 h3 49. b6 Rg2+ 50. Kc3 h2 51. b7 Rg8 52. Rxh2
Rb8 53. Rh7 Ke6 54. Kb4 Kd6 55. Kb5 Rf8 56. Kb6 Ke6 57. Kc7 1-0

[Event "Madrid ch Sub-18 2010/2011"]
[Site "Madrid ESP"]
[Date "2011.01.02"]
[Round "6.4"]
[White "Monge Gilgado, Eva Maria"]
[Black "Garcia-Ruiz Fuentes, Marcos"]
[Result "1-0"]
[WhiteElo "1812"]
[BlackElo "1757"]
[PlyCount "39"]
[EventDate "2010.12.26"]
[EventType "swiss"]
[EventRounds "7"]
[EventCountry "ESP"]
[Source "lmi"]
[SourceDate "2010.12.26"]

1. e4 c5 2. Nc3 e6 3. g3 d5 4. e5 Nc6 5. f4 g5 6. Nf3 gxf4 7. gxf4 Be7 8. Ne2
h5 9. d4 cxd4 10. Nfxd4 Bh4+ 11. Ng3 Nxd4 12. Qxd4 Nh6 13. Bd3 Rg8 14. Rg1 Ng4
15. Ke2 Bxg3 16. hxg3 h4 17. Be3 hxg3 18. Rxg3 Qh4 19. Rag1 Qh5 20. Kd2 1-0

[Event "Madrid ch Sub-18 2010/2011"]
[Site "Madrid ESP"]
[Date "2011.01.03"]
[Round "7.1"]
[White "Suarez Uriel, Adrian"]
[Black "Martin Duque, Jesus"]
[Result "1-0"]
[WhiteElo "2215"]
[BlackElo "2115"]
[PlyCount "53"]
[EventDate "2010.12.26"]
[EventType "swiss"]
[EventRounds "7"]
[EventCountry "ESP"]
[Source "lmi"]
[SourceDate "2010.12.26"]

1. e4 c5 2. Ne2 e6 3. d4 cxd4 4. Nxd4 Nc6 5. Nc3 Qc7 6. Be3 a6 7. Qd2 Nf6 8.
O-O-O Bb4 9. f3 O-O 10. Kb1 b5 11. g4 Bb7 12. g5 Ne8 13. Nxc6 Bxc6 14. h4 Ba5
15. Qf2 Rc8 16. Bd3 Bb7 17. Ne2 e5 18. h5 Nd6 19. g6 Nc4 20. Nc1 d5 21. gxh7+
Kh8 22. h6 g6 23. Qh4 f5 24. exf5 gxf5 25. Rdg1 Rf7 26. Qg5 Kxh7 27. Bxf5+ 1-0

[Event "Madrid ch Sub-18 2010/2011"]
[Site "Madrid ESP"]
[Date "2011.01.03"]
[Round "7.2"]
[White "Madurga Lopez, Ignacio"]
[Black "Monge Gilgado, Eva Maria"]
[Result "1/2-1/2"]
[WhiteElo "1988"]
[BlackElo "1812"]
[PlyCount "75"]
[EventDate "2010.12.26"]
[EventType "swiss"]
[EventRounds "7"]
[EventCountry "ESP"]
[Source "lmi"]
[SourceDate "2010.12.26"]

1. e4 c5 2. Nf3 e6 3. d4 cxd4 4. Nxd4 d6 5. Nc3 Nf6 6. Bc4 a6 7. Bb3 Be7 8. Be3
O-O 9. Qe2 Qa5 10. f3 b5 11. O-O Nfd7 12. Nxe6 fxe6 13. Bxe6+ Kh8 14. Bd5 b4
15. Nd1 Nb6 16. Bxa8 Nxa8 17. Nf2 Qc7 18. Nd3 a5 19. a3 bxa3 20. Rxa3 Ba6 21.
Rfa1 Nc6 22. Qf2 Bxd3 23. cxd3 d5 24. exd5 Bxa3 25. dxc6 Bd6 26. g3 Qxc6 27.
Rxa5 Nc7 28. f4 Ra8 29. Rxa8+ Qxa8 30. Bc5 Qa1+ 31. Kg2 Bxc5 32. Qxc5 Qxb2+ 33.
Kg1 Qb8 34. Qd6 h6 35. f5 Qb1+ 36. Kg2 Qc2+ 37. Kh3 Qc3 38. f6 1/2-1/2

[Event "Madrid ch Sub-18 2010/2011"]
[Site "Madrid ESP"]
[Date "2011.01.03"]
[Round "7.3"]
[White "Collado Barbas, Laura"]
[Black "Morona Minguez, Irene"]
[Result "1-0"]
[WhiteElo "2040"]
[BlackElo "1876"]
[PlyCount "127"]
[EventDate "2010.12.26"]
[EventType "swiss"]
[EventRounds "7"]
[EventCountry "ESP"]
[Source "lmi"]
[SourceDate "2010.12.26"]

1. d4 Nf6 2. c4 g6 3. Nc3 Bg7 4. e4 d6 5. Nf3 O-O 6. Be3 e5 7. dxe5 dxe5 8.
Qxd8 Rxd8 9. Nd5 Na6 10. O-O-O Bg4 11. Bg5 Nxe4 12. Bxd8 Nxf2 13. Bh4 Nxh1 14.
Be2 e4 15. Nd4 Bxd4 16. Bxg4 Nf2 17. Rxd4 Nxg4 18. h3 Nh6 19. Nf6+ Kg7 20. Nxe4
Nf5 21. Bf6+ Kg8 22. Rd7 Re8 23. g4 Nh6 24. Bc3 Kf8 25. Nf6 Re6 26. Nxh7+ Ke8
27. Rd1 Ke7 28. g5 Ng8 29. Nf6 Nxf6 30. Bxf6+ Kf8 31. Rd7 Re8 32. a3 Re4 33.
Kd2 Re6 34. Kc2 Re2+ 35. Kc3 Re3+ 36. Kd2 Re6 37. Rd8+ Re8 38. Rd5 b6 39. b4
Re6 40. Rd8+ Re8 41. Rd7 Rc8 42. Kd3 Nb8 43. Rd4 Nc6 44. Rh4 Ke8 45. Ke4 Ne7
46. Bxe7 Kxe7 47. Ke5 c6 48. Rd4 a5 49. bxa5 bxa5 50. c5 Ra8 51. Rd6 Rh8 52.
Rxc6 Rxh3 53. Rc7+ Ke8 54. c6 Rxa3 55. Ra7 Rc3 56. Kd6 Rd3+ 57. Kc7 Rc3 58.
Rxa5 f5 59. gxf6 Kf7 60. Kd6 Kxf6 61. c7 Rxc7 62. Kxc7 g5 63. Kd6 g4 64. Re5
1-0

[Event "Madrid ch Sub-18 2010/2011"]
[Site "Madrid ESP"]
[Date "2011.01.03"]
[Round "7.4"]
[White "Garcia-Ruiz Fuentes, Marcos"]
[Black "Pablos Tenrero, Raquel"]
[Result "1/2-1/2"]
[WhiteElo "1757"]
[BlackElo "1936"]
[PlyCount "60"]
[EventDate "2010.12.26"]
[EventType "swiss"]
[EventRounds "7"]
[EventCountry "ESP"]
[Source "lmi"]
[SourceDate "2010.12.26"]

1. e4 e5 2. Nf3 Nc6 3. Bc4 Bc5 4. c3 Nf6 5. d4 exd4 6. cxd4 Bb4+ 7. Nc3 Nxe4 8.
O-O Bxc3 9. d5 Bf6 10. Re1 Ne7 11. Rxe4 d6 12. Bg5 Bxg5 13. Nxg5 O-O 14. Nxh7
Bf5 15. Rxe7 Qxe7 16. Nxf8 Rxf8 17. Qb3 Qe4 18. Rd1 Re8 19. h3 b6 20. Qc3 Re7
21. Bb3 Bg6 22. Qc6 a5 23. Rc1 Qf4 24. Qc4 Qg5 25. Rc3 Re1+ 26. Kh2 Qe5+ 27.
Rg3 Qxb2 28. Qxc7 Qxf2 29. Qd8+ Kh7 30. Qh4+ Kg8 1/2-1/2